| 000 | 01278nam a2200325 i 4500 | ||
|---|---|---|---|
| 001 | 000032412 | ||
| 003 | DO-SdBNP | ||
| 005 | 20250925114039.0 | ||
| 007 | ta | ||
| 008 | 101013e19311974dr 000 0 spa d | ||
| 040 |
_aDO-SdBNP _bspa _cBNPHU _erda |
||
| 041 | _aspa | ||
| 082 | 4 |
_a920.7293 _bL965h 1974 _222 |
|
| 100 | 1 |
_aLuperón, Gregorio, _d1839-1897 _eautor _4aut. _9888 |
|
| 245 | 1 | 0 |
_aHombres de la restauración / _cGregorio Luperón. |
| 250 | _aSegunda edición (facsímil) | ||
| 264 | 1 |
_aSanto Domingo : _bSecretaría de la Educación, _c1974. |
|
| 300 |
_a60 páginas ; _c21 cm. |
||
| 336 |
_atexto _btxt _2rdacontent |
||
| 337 |
_asin mediación _bn _2rdamedia |
||
| 338 |
_avolumen _bnc _2rdacarrier |
||
| 490 | 1 | _aColección Enriquillo | |
| 505 | 0 |
_aIntroducción -- _tNota editorial-- _tBenigno F. de Rojas-- _tUlises F. Espaillat-- _tPablo Pujol -- _tJulián Belisario Curiel -- _tPedro Francisco Bonó-- _tMáximo Grullón -- _tAlfredo Detjeen-- _tEpígolo. |
|
| 534 |
_aPublicado en Santo Domingo. _bSegunda edición _cLogia Cuna de América, 1931. |
||
| 590 | _aInventariado 2023 / MF | ||
| 600 | 1 | 4 |
_aLuperón, Gregorio, _d1839-1897 _9888 |
| 651 | 4 |
_aRepública Dominicana _xBiografías _91325 |
|
| 910 | _aValidado. Control de Calidad/MAA | ||
| 942 |
_2ddc _cLBS1 |
||
| 999 |
_c31903 _d31903 |
||